Building maintenance: computer-supported maintenance planning (Record no. 17021)

MARC details
000 -LEADER
fixed length control field 00863cab a2200205 4500
001 - CONTROL NUMBER
control field ABS40667
008 - FIXED-LENGTH DATA ELEMENTS--GENERAL INFORMATION
fixed length control field 090401t1989 xxu||||| |||| 00| 0 eng d
035 ## - SYSTEM CONTROL NUMBER
System control number (Sirsi) u25354
041 ## - LANGUAGE CODE
Language code of text/sound track or separate title eng
100 ## - MAIN ENTRY--PERSONAL NAME
Personal name Piani, G.
245 ## - TITLE STATEMENT
Title Building maintenance: computer-supported maintenance planning
260 ## - PUBLICATION, DISTRIBUTION, ETC.
Date of publication, distribution, etc. 1989
350 ## - PRICE (NR) (BK AM CF MU VM SE) [OBSOLETE]
Price 0
490 ## - SERIES STATEMENT
Series statement Estates Gazette
Volume/sequential designation (8912) 25 March 1989, 20-57(4)
520 ## - SUMMARY, ETC.
Summary, etc. Computer systems for building maintenance planning, scheduling, and optimising is more becoming common in Sweden. Planned maintenance is discussed in general, followed by a description of a computer database system. The article also contains an introduction to the historical and present situation of building renewal in Sweden. (Journal Abstract)
690 ## - LOCAL SUBJECT ADDED ENTRY--TOPICAL TERM (OCLC, RLIN)
Topical term or geographic name as entry element PRACTICE AND TECHNIQUES
700 ## - ADDED ENTRY--PERSONAL NAME
Personal name Saetre, T.
942 ## - ADDED ENTRY ELEMENTS (KOHA)
Suppress in OPAC 0
948 ## - LOCAL PROCESSING INFORMATION (OCLC); SERIES PART DESIGNATOR (RLIN)
c (OCLC) 04/03/1997
Holdings
Withdrawn status Lost status Source of classification or shelving scheme Damaged status Not for loan Home library Current library Shelving location Date acquired Total Checkouts Full call number Barcode Date last seen Copy number Price effective from Koha item type
    Dewey Decimal Classification     London London Journal article 14/09/1999   ABS40667 25354-1001 06/08/2019 1 06/08/2019 Journal article